Most Populous Countries in 6 Different Centuries - Statistics

General Stats
  • This quiz has been taken 41 times
  • The average score is 57 of 90
Answer Stats
1500 % Correct
China
100%
India
100%
Ming China
100%
Russia
100%
Russia
100%
Russia
100%
United States
100%
United States
100%
Ashikaga Japan
97%
Brazil
97%
Brazil
97%
Japan
97%
Japan
97%
Russian Empire
97%
Russian Empire
97%
Britain
95%
British Empire
95%
France
95%
France
95%
France
95%
France
95%
Indonesia
95%
Qing China
95%
Qing China
95%
Spain
95%
Spain
95%
Spain
95%
Spanish Empire
95%
Egypt
92%
England and Scotland
92%
French Empire
92%
Italy
92%
Pakistan
92%
Tokugawa Japan
92%
Tokugawa Japan
92%
German Empire
89%
Germany
89%
Mexico
89%
Nigeria
89%
Bangladesh
87%
Polish-Lithuanian Union
82%
Safavid Iran
82%
Safavid Iran
82%
Vietnam
82%
Austria-Hungary
79%
Dutch Empire
76%
Korean Empire
76%
Polish-Lithuanian Commonwealth
76%
Polish-Lithuanian Commonwealth
76%
Ottoman Empire
74%
Ottoman Empire
74%
Ottoman Empire
74%
Ottoman Empire
74%
Ottoman Empire
74%
Philippines
71%
Durrani Afghan Empire
58%
Inca Empire
50%
Aztec Empire
47%
Morocco
47%
Morocco
47%
Holy Roman Empire
45%
Holy Roman Empire
45%
Holy Roman Empire
45%
Holy Roman Empire
45%
Mughal Empire
39%
Mughal Empire
39%
Prussia
32%
Bengal Sultanate
21%
England
21%
Qing Empire
21%
Delhi Sultanate
16%
Mamluk Sultanate
16%
Maratha Confederacy
16%
Hapsburg
11%
Hapsburg
11%
Hapsburg
11%
Ming Dynasty
11%
Sikh Empire
11%
Sokoto Caliphate
11%
Vijayanagara Empire
8%
Grand Duchy of Moscow
5%
Iberian Union
5%
Joseon
5%
Joseon
5%
Joseon
5%
Joseon
5%
Tokugawa Empire
5%
Carnatic Sultanate
3%
Lê Dynasty
3%
Lê Dynasty
3%
No matching quizzes found
Score Distribution
Percent of People with Each Score
Percentile by Number Answered
Your Score History
You have not taken this quiz